书目信息 |
| 题名: |
认知障碍防治超图解
|
|
| 作者: | 朝田隆 主编 ;孟宇乐 译 | |
| 分册: | ||
| 出版信息: | 北京 中国纺织出版社有限公司 2020.7 |
|
| 页数: | 144页 | |
| 开本: | 21cm | |
| 丛书名: | 家庭健康常识 | |
| 单 册: | ||
| 中图分类: | R749.1 | |
| 科图分类: | ||
| 主题词: | 阿尔茨海默病--防治--图解 | |
| 电子资源: | ||
| ISBN: | 978-7-5180-7168-5 | |
| 000 | 01120nam 2200301 45 | |
| 001 | 012001000598 | |
| 005 | 20140819085249.0 | |
| 010 | @a978-7-5180-7168-5@dCNY39.80 | |
| 099 | @aCAL 012020290941 | |
| 100 | @a20200821d2020 em y0chiy0110 ea | |
| 101 | 1 | @achi@cjpn |
| 102 | @aCN@b110000 | |
| 105 | @aak a 000yy | |
| 106 | @ar | |
| 200 | 1 | @a认知障碍防治超图解@ARen Zhi Zhang Ai Fang Zhi Chao Tu Jie@f(日) 朝田隆主编@g孟宇乐译 |
| 210 | @a北京@c中国纺织出版社有限公司@d2020.7 | |
| 215 | @a144页@c彩图@d21cm | |
| 225 | 2 | @a家庭健康常识@AJia Ting Jian Kang Chang Shi |
| 320 | @a有书目 | |
| 330 | @a《认知障碍防治超图解》为“家庭健康常识”系列丛书之一。本书为引进日本版权图书,采用图解的形式,详细介绍了认知症的基础医学知识、最新的治疗方法、改善生活方式的方法及药物的使用等内容,有助于帮助患者防治老年痴呆,快乐地享受生活 | |
| 410 | 0 | @12001 @a家庭健康常识 |
| 461 | 0 | @12001 @a家庭健康常识 |
| 606 | 0 | @a阿尔茨海默病@x防治@j图解 |
| 690 | @aR749.1@v5 | |
| 701 | 0 | @a朝田隆@AChao Tian Long@4主编 |
| 702 | 0 | @a孟宇乐@AMeng Yu Le@4译 |
| 801 | @aCN@bAHXH@c20210922 | |
| 905 | @b1359337-41@dR749.1@e350@f5 | |
| 认知障碍防治超图解/(日) 朝田隆主编/孟宇乐译.-北京:中国纺织出版社有限公司,2020.7 |
| 144页:彩图;21cm.-(家庭健康常识) |
| ISBN 978-7-5180-7168-5:CNY39.80 |
| 《认知障碍防治超图解》为“家庭健康常识”系列丛书之一。本书为引进日本版权图书,采用图解的形式,详细介绍了认知症的基础医学知识、最新的治疗方法、改善生活方式的方法及药物的使用等内容,有助于帮助患者防治老年痴呆,快乐地享受生活 |
| ● |
| 相关链接 |
|
|
|
|
正题名:认知障碍防治超图解
索取号:R749.1/350
 
预约/预借
| 序号 | 登录号 | 条形码 | 馆藏地/架位号 | 状态 | 备注 |
| 1 | 1359337 | 213593379 | 第二样本阅览室/ [索取号:R749.1/350] | 在馆 | |
| 2 | 1359338 | 213593388 | 教育系资料室/ [索取号:R749.1/350] | 在馆 | |
| 3 | 1359339 | 213593397 | 教育系资料室/ [索取号:R749.1/350] | 在馆 | |
| 4 | 1359340 | 213593404 | 第三借阅区/ [索取号:R749.1/350] | 在馆 | |
| 5 | 1359341 | 213593413 | 第三借阅区/ [索取号:R749.1/350] | 在馆 |